Advanced corporate finance / (Record no. 29081)

MARC details
000 -LEADER
fixed length control field 00941nam a22002534a 4500
005 - DATE AND TIME OF LATEST TRANSACTION
control field 20090810150312.0
008 - FIXED-LENGTH DATA ELEMENTS--GENERAL INFORMATION
fixed length control field 020621s2003 njua b 001 0 eng
010 ## - LCCN (DPL NO)
LC control number ENG-94703
020 ## - INTERNATIONAL STANDARD BOOK NUMBER
International Standard Book Number 9788120336117
Terms of availability 325.00
035 ## - SYSTEM CONTROL NUMBER
System control number EN-78236
037 ## - SOURCE OF ACQUISITION
Source of stock number/acquisition DBAD / PUB
040 ## - CATALOGING SOURCE
Original cataloging agency dpl
Language of cataloging English
082 ## - DEWEY DECIMAL CLASSIFICATION NUMBER
Classification number 658.15
245 ## - TITLE STATEMENT
Title Advanced corporate finance /
Statement of responsibility, etc edited by Chandrasekhar Krishamurti [and] S.R. Vishwanath
260 ## - PUBLICATION, DISTRIBUTION, ETC. (IMPRINT)
Place of publication, distribution, etc New Delhi
Name of publisher, distributor, etc PHI Lrarning
Date of publication, distribution, etc 2009
270 ## - ADDRESS
Address M-97, Connaught Circus
City New Delhi
Postal code 110001
300 ## - PHYSICAL DESCRIPTION
Extent xvii, 389 p.
Dimensions 25cm(pbk)
504 ## - BIBLIOGRAPHY, ETC. NOTE
Bibliography, etc Includes index
650 ## - SUBJECT ADDED ENTRY--TOPICAL TERM
Topical term or geographic name as entry element Corporations
General subdivision Finance.
700 ## - ADDED ENTRY--PERSONAL NAME
Personal name Krishamurti, Chandrasekhar
700 ## - ADDED ENTRY--PERSONAL NAME
Personal name Vishwanath, S.R.
942 ## - ADDED ENTRY ELEMENTS (KOHA)
Source of classification or shelving scheme Dewey Decimal Classification
Item type English Books
Classification part 658.15
Call number suffix ADV
Holdings
Withdrawn status Lost status Source of classification or shelving scheme Damaged status Not for loan Collection code Home library Current library Date acquired Source of acquisition Cost, normal purchase price Total Checkouts Full call number Barcode Date last seen Copy number Cost, replacement price Koha item type
    Dewey Decimal Classification   Not For Loan Non-fiction D.B.Act.Division D.B.Act.Division 10/08/2009 DBAD / PUB 325.00   658.15 ADV EN-78236 10/08/2009 1 325.00 English Books

© Delhi Public Library
Hit Counter
free hit counter